Careers in space.

Bibliographic Details
Main Author: Binder, Otto O. (Otto Oscar), 1911-1975
Format: Book
Language:English
Published: New York : Walker, [1963]
Subjects:

MARC

Tag First Indicator Second Indicator Subfields
LEADER 00000cam a2200000 4500
001 in00000050663
005 20180808160729.0
008 770822s1963 nyua b 00000 eng
010 |a  62019501  
035 |a (OCoLC)03210274 
035 |9 AAF0430AM 
040 |a DLC  |c OCP  |d TXA  |d UtOrBLW 
049 |a TXAM  |c [362101] 
050 0 |a TL850  |b .B5 
082 0 |a 629.4069 
092 |a 629.4069  |b B612c, 1963 
100 1 |a Binder, Otto O.  |q (Otto Oscar),  |d 1911-1975. 
245 1 0 |a Careers in space. 
264 1 |a New York :  |b Walker,  |c [1963] 
300 |a 308 pages :  |b illustrations ;  |c 22 cm. 
336 |a text  |b txt  |2 rdacontent 
337 |a unmediated  |b n  |2 rdamedia 
338 |a volume  |b nc  |2 rdacarrier 
504 |a Includes bibliography. 
500 |a The Cushing Library/Science Fiction copy is inscribed by the author to Sam [Moskowitz] and contains a letter from the author to Sam [Moskowitz] and a bookseller's description. 
650 0 |a Astronautics  |x Vocational guidance. 
650 0 |a Aerospace industries  |x Vocational guidance. 
700 1 |a Moskowitz, Sam,  |e former owner. 
999 |a MARS 
999 f f |s abe4294b-320f-37bb-bb98-fab27f265849  |i d663f84c-4349-3ca5-9c83-41437e70a83c  |t 0 
952 f f |p ric  |a Texas A&M University  |b Rellis Campus  |c Joint Library Facility  |d Remote Storage  |t 0  |e TL850 .B5  |h Library of Congress classification  |i unmediated -- volume  |m A14801051205 
952 f f |p noncirc  |a Texas A&M University  |b College Station  |c Cushing Memorial Library & Archives  |d Cushing: Science Fiction (Does not check out)  |t 0  |e TL850 .B5 1963  |h Library of Congress classification  |i unmediated -- volume 
998 f f |a TL850 .B5 1963  |t 0  |l Cushing: Science Fiction (Does not check out) 
998 f f |a TL850 .B5  |t 0  |l Remote Storage